| 000 | 00761nam a2200241Ia 4500 | ||
|---|---|---|---|
| 003 | GCL | ||
| 008 | 140319s9999 xx 000 0 ara d | ||
| 020 | _a6191800977 | ||
| 040 |
_aGCL / _cGCL |
||
| 082 | 0 | 4 |
_a780.92 _bع م |
| 100 | 1 | _aعادل حسنين | |
| 245 | 1 | 0 |
_aمحمد عبدالوهاب: الصبا والجمال / _cعادل حسنين |
| 250 | _aالثانية | ||
| 260 |
_aالقاهرة : _bامادو ، _c1998 |
||
| 300 |
_a223 ص ؛ _c26 سم |
||
| 650 | 0 | 4 | _aالسيمفونيات |
| 650 | 0 | 4 | _aالموسيقى الشرقية |
| 650 | 0 | 4 | _aالالحان الموسيقية |
| 650 | 0 | 4 | _aمحمد عبدالوهاب |
| 650 | 0 | 4 | _aالموسيقيون - تراجم |
| 650 | 0 | 4 | _aمحمد عباس فهمى |
| 942 |
_2ddc _cBK |
||
| 999 |
_c51899 _d51899 |
||